000 01052nam a2200337 a 4500
001 vtls000081119
003 NLI
005 20210601194337.0
008 101125s2000 enka 001 0 eng
020 _a052164223X :
_cPND 37.50
039 9 _y201011250850
_zVLOAD
040 0 _aNLI
_beng
_cEntertech-2003
_eAACR2
041 0 _aeng
044 _aenk
082 0 4 _a152.4
245 0 0 _aFeeling and thinking :
_bthe role of affect in social cognition /
_cedited by Joseph P. Forgas
260 _aCambridge :
_bThe University Press,
_cc2000
300 _axvi, 421 p. :
_bill. ;
_c23 cm.
440 0 _aStudies in emotion and social interaction
_9184701
500 _aIncludes index
650 0 _aAffect (Psychology)
_9175207
650 0 _aMood (Psychology)
_928702
650 0 _aEmotions
_98473
650 0 _aSocial perception
_917786
700 1 _aForgas, Joseph P,
_4edt
_9186251
887 _a
901 _a535386
_b18.03.2000
902 _aE152.4 F321
949 _AVIRTUAITEM
_D10000
_X100
_6PUR000535386ENG
942 _2ddc
_cBKS
999 _aVIRTUA00
_c84809
_d84809